UBT Library

Venice II / (Record no. 42709)

000 -LEADER
fixed length control field 00624cam a2200241 a 4500
001 - CONTROL NUMBER
control field 4750589
005 - DATE AND TIME OF LATEST TRANSACTION
control field 20180215092813.0
008 - FIXED-LENGTH DATA ELEMENTS--GENERAL INFORMATION
fixed length control field 850508s1985 nyua 000 0 eng
010 ## - LIBRARY OF CONGRESS CONTROL NUMBER
LC control number 85011122
020 ## - INTERNATIONAL STANDARD BOOK NUMBER
International Standard Book Number 086565056X :
Terms of availability $45.00
040 ## - CATALOGING SOURCE
Original cataloging agency DLC
Transcribing agency DLC
Modifying agency DLC
041 ## - LANGUAGE CODE
Language code of text/sound track or separate title eng
043 ## - GEOGRAPHIC AREA CODE
Geographic area code e-it---
080 ## - UNIVERSAL DECIMAL CLASSIFICATION NUMBER
Universal Decimal Classification number 779.994531 FAV
082 00 - DEWEY DECIMAL CLASSIFICATION NUMBER
Classification number 779.994531 FAV
Edition number 19
100 1# - Rafti
Rafti 42
101 ## - Shkurtesa
Shkurtesa ART
245 10 - TITLE STATEMENT
Title Venice II /
Statement of responsibility, etc text by Olivier Bernier ; photographs by Fulvio Roiter.
740 0# - ADDED ENTRY--UNCONTROLLED RELATED/ANALYTICAL TITLE
Uncontrolled related/analytical title Venice 2.
740 0# - ADDED ENTRY--UNCONTROLLED RELATED/ANALYTICAL TITLE
Uncontrolled related/analytical title Venice two.
906 ## - LOCAL DATA ELEMENT F, LDF (RLIN)
a 7
b cbc
c orignew
d 1
e ocip
f 19
g y-gencatlg
942 ## - ADDED ENTRY ELEMENTS (KOHA)
Source of classification or shelving scheme
Item type Books

No items available.

UBT Library © 2015-2024. All rights reserved University Education for Business and Technology